000 01207namaa22003011i 4500
003 EG-GICUC
005 20260309112610.0
008 260226s2003 ts ||||jr|||| 000 0 ara d
020 _a9973927052
040 _aEG-GiCUC
_bara
_cEG-GiCUC
_dEG-GiCUC
_erda
082 0 4 _221
_a808.86
_bM233
092 0 4 _221
_a808.86
_bM233
099 _a808.86 M233
100 1 _aماجد، جعفر
_eمؤلف.
245 1 0 _aكتاب الرسائل :
_bرسائل الى الشعراء والكتاب العرب فى الزمن الغابر /
_cتاأليف الدكتور جعفر ماجد
250 _aالطبعة الاولى
264 _aتونس :
_bمنشورات رحاب المعرفة،
_c2003.
300 _a246 صفحة ؛
_c24 سم
_bإيضاحيات، صور، مثيليات ؛ Illustrations
336 _2rdacontent
_atext
337 _2rdamedia
_aUnmediated
338 _2rdacarrier
_avolume
504 _aBibliography: pages 200-250. 240-220 ببليوجرافيا: صفحات.
541 _aد. جابر عصفور ؛
_bالقاهرة ؛
_cإهداء ؛
_d2024.
650 1 7 _aالرسائل العربية
_xمجموعات
_2qrmak
651 1 _2qrmak
905 _aNermeen
942 _2ddc
_cBK
_e21
_n0
999 _c178747
_d178747